Statistiques concernant Les pays avec les plus belles plages

Cliquez ici pour prendre le quiz!

Statistiques générales

  • Ce quiz a été pris 300 fois
  • Le résultat moyen est 13 sur 20

Statistiques - réponses

IndicePays% Correct
EuropeEspagne
93%
EuropeFrance
93%
EuropeItalie
91%
OceanieAustralie
89%
Amerique du SudBrésil
87%
Amerique du NordMexique
87%
EuropePortugal
87%
AfriqueMaroc
81%
EuropeGrèce
80%
AsieThaïlande
75%
Amerique du NordUSA
73%
EuropeCroatie
56%
AsieMaldives
53%
AsiePhilippines
51%
Amerique du NordBahamas
48%
OceanieFidji
47%
Amerique du NordCosta Rica
46%
AfriqueSeychelles
42%
AfriqueMaurice
39%
AsieSri Lanka
34%

Distribution des résultats

Percentile par nombre de réponses

% des personnes avec chaque résultat

Votre développement - résultats

Vous n’avez pas pris ce quiz